[Event "DEN-ch sf6"]
[Site "Svendborg"]
[Date "2024.03.29"]
[Round "2"]
[White "Westh, Niels Buster Krog"]
[Black "Horslund, Mikael"]
[Result "0-1"]
[WhiteElo "1803"]
[BlackElo "1839"]
[PlyCount "98"]
[EventDate "2024.03.29"]
[EventType "swiss"]
[EventRounds "7"]
[EventCountry "DEN"]
[SourceTitle "CB16_2024"]
[SourceDate "2024.04.17"]
[SourceVersion "1"]
[SourceVersionDate "2024.04.17"]
[SourceQuality "1"]

1. e4 e6 2. d4 d5 3. exd5 exd5 4. Bf4 Nf6 5. Bd3 Bd6 6. Bxd6 Qxd6 7. Qe2+ Be6 8. Nf3 Nc6 9. c3 0-0-0 10. 0-0 Rde8 11. Qc2 h6 12. Re1 Nd7 13. Nbd2 Re7 14. b4 Rhe8 15. a4 Bg4 16. Reb1 Qf4 17. a5 Nd8 18. b5 Qf6 19. c4 dxc4 20. Qxc4 Kb8 21. Rc1 Qd6 22. b6 axb6 23. a6 Be6 24. Qa4 Bd5 25. axb7 Bxb7 26. Ba6 Qd5 27. Bb5 c6 28. Bc4 Qd6 29. Ra2 c5 30. Nb3 Nc6 31. d5 Nb4 32. Raa1 Ne5 33. Nxe5 Rxe5 34. f4 Re3 35. g3 Kc7 36. Rd1 Ra8 37. Qb5 Ba6 38. Qa4 Bb7 39. Qb5 Rxa1 40. Rxa1 g5 41. Ra7 Kb8 42. Ra1 gxf4 43. Kf2 Re7 44. Rd1 Ba6 45. Qxb4 cxb4 46. Bxa6 fxg3+ 47. hxg3 b5 48. Bxb5 Qb6+ 49. Nd4 Re4 0-1

[Event "DEN-ch G5-2"]
[Site "Svendborg"]
[Date "2023.04.05"]
[Round "4"]
[White "Hansen, Erik Levin"]
[Black "Horslund, Mikael"]
[Result "1-0"]
[WhiteElo "1665"]
[BlackElo "1729"]
[PlyCount "67"]
[EventDate "2023.04.05"]
[EventType "swiss"]
[EventRounds "5"]
[EventCountry "DEN"]
[SourceTitle "CBM 213 Extra"]
[Source "ChessBase"]
[SourceDate "2023.05.31"]
[SourceVersion "1"]
[SourceVersionDate "2023.05.31"]
[SourceQuality "1"]

1. e4 d6 2. d4 Nf6 3. Nc3 c6 4. Nf3 Bg4 5. Be2 e6 6. h3 Bxf3 7. Bxf3 d5 8. e5 Nfd7 9. 0-0 c5 10. Be3 cxd4 11. Bxd4 Nc6 12. Re1 Nxd4 13. Qxd4 Bc5 14. Qg4 0-0 15. Na4 Qc7 16. Nxc5 Qxc5 17. c4 d4 18. Qe4 Rfd8 19. Rad1 Nf8 20. b3 Rd7 21. Rd2 Rad8 22. Rd3 Ng6 23. h4 Ne7 24. h5 h6 25. g4 Nc6 26. Bd1 Nb4 27. Rg3 d3 28. a3 d2 29. Ree3 Nc6 30. g5 Rd4 31. Qg2 hxg5 32. Rxg5 Qxa3 33. Rxg7+ Kf8 34. Rf3 1-0

[Event "Esbjerg Autumn 2nd"]
[Site "Esbjerg"]
[Date "2019.10.19"]
[Round "4"]
[White "Fries Nielsen, Jens Ove"]
[Black "Horslund, Mikael"]
[Result "1-0"]
[WhiteElo "2360"]
[BlackElo "1738"]
[PlyCount "46"]
[EventDate "2019.10.18"]
[EventType "swiss"]
[EventRounds "7"]
[EventCountry "DEN"]
[SourceTitle "CBM 192 Extra"]
[Source "Chessbase"]
[SourceDate "2019.11.06"]
[SourceVersion "1"]
[SourceVersionDate "2019.11.06"]
[SourceQuality "1"]

1. d4 d6 2. e4 Nf6 3. Nc3 c6 4. a4 Qa5 5. Bd2 Qc7 6. h3 e5 7. Nf3 Be7 8. Be3 Nbd7 9. Be2 0-0 10. 0-0 a5 11. Re1 b6 12. Qb1 Ba6 13. Bxa6 Rxa6 14. Qa2 Raa8 15. Rad1 h6 16. Nh4 d5 17. exd5 Nxd5 18. Nxd5 cxd5 19. Nf3 Bf6 20. Qxd5 Rad8 21. Qe4 exd4 22. Bxd4 Bxd4 23. Rxd4 Nf6 1-0

[Event "Helsingor Xtracon op"]
[Site "Helsingor"]
[Date "2019.07.25"]
[Round "7"]
[White "Horslund, Mikael"]
[Black "Kakulidis, Ellen"]
[Result "0-1"]
[WhiteElo "1716"]
[BlackElo "1998"]
[PlyCount "120"]
[EventDate "2019.07.20"]
[EventType "swiss"]
[EventRounds "10"]
[EventCountry "DEN"]
[SourceTitle "CBM 191 Extra"]
[Source "ChessBase"]
[SourceDate "2019.09.30"]
[SourceVersion "1"]
[SourceVersionDate "2019.09.30"]
[SourceQuality "1"]

1. Nf3 d5 2. g3 Nf6 3. Bg2 e6 4. d3 Be7 5. 0-0 0-0 6. a4 c5 7. Nc3 Nc6 8. Nd2 b6 9. e4 dxe4 10. Ndxe4 Bb7 11. a5 Nxa5 12. Nxf6+ Bxf6 13. Ne4 Nc6 14. Nxf6+ Qxf6 15. Qh5 Na5 16. Bxb7 Nxb7 17. Ra2 Na5 18. b3 Nc6 19. Bb2 Qg6 20. Qh3 Nb4 21. Ra4 b5 22. Ra5 a6 23. Rc1 Qg5 24. f4 Qg6 25. Qg2 Qf5 26. Rca1 Qd5 27. Qf2 h6 28. Bc3 Qc6 29. Re1 Nd5 30. Bb2 Qb6 31. Rea1 Rfc8 32. h4 Qc6 33. Qf3 c4 34. Qg4 c3 35. Bc1 Qc5+ 36. Kg2 Nb4 37. Qe2 Qc6+ 38. Kh2 Rd8 39. Be3 Rd5 40. Kg1 Qc7 41. Qf2 Qd7 42. d4 Qc7 43. Kg2 Qb6 44. R5a3 Qb7 45. Kh3 Qd7 46. Kh2 Rd6 47. Qf3 Qd8 48. Qf2 Nd5 49. Bc1 Nf6 50. Qf3 b4 51. Ra5 Rxd4 52. f5 exf5 53. Rxf5 Rd6 54. Bf4 Re6 55. Rd1 Qe8 56. Kh3 Rc8 57. g4 Ne4 58. g5 hxg5 59. hxg5 Nd2 60. Qh5 g6 0-1

[Event "DEN-ch Seniors 50+"]
[Site "Odder"]
[Date "2019.02.14"]
[Round "4"]
[White "Johansen, Alexander Mikkel Jo"]
[Black "Horslund, Mikael"]
[Result "0-1"]
[WhiteElo "1953"]
[BlackElo "1696"]
[PlyCount "68"]
[EventDate "2019.02.11"]
[EventType "swiss"]
[EventRounds "7"]
[EventCountry "DEN"]
[SourceTitle "CBM 189 Extra"]
[Source "ChessBase"]
[SourceDate "2019.06.03"]
[SourceVersion "1"]
[SourceVersionDate "2019.06.03"]
[SourceQuality "1"]

1. e4 d6 2. d4 Nf6 3. Nc3 c6 4. Nf3 Qa5 5. Bd2 Qc7 6. Bd3 Bg4 7. 0-0 e5 8. dxe5 dxe5 9. Re1 Nbd7 10. Bc4 Nb6 11. Be2 0-0-0 12. Qc1 Be7 13. a4 h6 14. a5 Nbd7 15. Be3 Kb8 16. Rd1 g5 17. Ra4 Be6 18. b4 a6 19. Nd2 Ng4 20. Bxg4 Bxg4 21. f3 Be6 22. Ne2 c5 23. bxc5 Nxc5 24. Ra1 Rd7 25. c4 Nd3 26. Qc2 Bc5 27. Nf1 Rhd8 28. h3 Bxe3+ 29. Nxe3 Qc5 30. Kh2 Qxe3 31. Rdb1 Nc5 32. Nc3 Rd2 33. Qc1 Qxf3 34. Qg1 Qxh3# 0-1

[Event "DEN-ch Seniors 50+"]
[Site "Odder"]
[Date "2019.02.12"]
[Round "2"]
[White "David, Anton"]
[Black "Horslund, Mikael"]
[Result "1-0"]
[WhiteElo "1820"]
[BlackElo "1696"]
[PlyCount "81"]
[EventDate "2019.02.11"]
[EventType "swiss"]
[EventRounds "7"]
[EventCountry "DEN"]
[SourceTitle "CBM 189 Extra"]
[Source "ChessBase"]
[SourceDate "2019.06.03"]
[SourceVersion "1"]
[SourceVersionDate "2019.06.03"]
[SourceQuality "1"]

1. d4 d6 2. c4 e5 3. d5 f5 4. Nc3 Nf6 5. Bg5 Be7 6. Nf3 Na6 7. b4 h6 8. Bxf6 Bxf6 9. e4 0-0 10. a3 f4 11. Be2 c5 12. Qb3 g5 13. Nd2 Qe8 14. Nb5 Be7 15. h3 h5 16. Qd1 h4 17. Bh5 Qd8 18. Bg6 Kg7 19. Bh5 cxb4 20. axb4 Nxb4 21. Qb3 Na6 22. Bg4 Nc5 23. Qa3 Bxg4 24. hxg4 a6 25. Nc3 Qd7 26. f3 Bd8 27. Ke2 Bb6 28. Rhb1 Ba7 29. Na4 Nxa4 30. Qxa4 Qxa4 31. Rxa4 Be3 32. Rxb7+ Rf7 33. Rxf7+ Kxf7 34. Kd3 Ke7 35. Nb3 Kd7 36. c5 dxc5 37. Kc4 Kd6 38. Ra5 Ra7 39. Nxc5 Bxc5 40. Rxc5 h3 41. Rc6+ 1-0

[Event "Helsingor Xtracon op"]
[Site "Helsingor"]
[Date "2018.07.23"]
[Round "4"]
[White "Tarakanov, Vladislav"]
[Black "Horslund, Mikael"]
[Result "1-0"]
[WhiteElo "1380"]
[BlackElo "1714"]
[PlyCount "127"]
[EventDate "2018.07.21"]
[EventType "swiss"]
[EventRounds "10"]
[EventCountry "DEN"]
[SourceTitle "CBM 185 Extra"]
[Source "ChessBase"]
[SourceDate "2018.07.29"]
[SourceVersion "1"]
[SourceVersionDate "2018.07.29"]
[SourceQuality "1"]

1. e4 c5 2. Nf3 d6 3. d4 cxd4 4. Nxd4 Nf6 5. Nc3 g6 6. Be2 Bg7 7. 0-0 0-0 8. Be3 Bd7 9. Rb1 Nc6 10. Nb3 Rc8 11. Qd2 Ne5 12. f4 Nc4 13. Bxc4 Rxc4 14. Qd3 Rc8 15. Kh1 b6 16. f5 Qc7 17. fxg6 hxg6 18. Bg5 Be6 19. Rf4 Nh7 20. Qg3 Be5 21. Rbf1 Nxg5 22. Qxg5 Bxf4 23. Rxf4 Kg7 24. Nd4 Qd7 25. Nf5+ Bxf5 26. exf5 Rh8 27. f6+ exf6 28. Qxf6+ Kg8 29. h3 Qe6 30. Qd4 Qe1+ 31. Kh2 Qe5 32. Kh1 Qxd4 33. Rxd4 Rc6 34. Rd2 Rh5 35. Ne4 Kg7 36. Nxd6 Re5 37. b3 Re6 38. Nc4 Rc8 39. Kg1 Kf6 40. Nd6 Rc7 41. Rf2+ Kg7 42. Nc4 b5 43. Na3 Re1+ 44. Kh2 a6 45. c4 b4 46. Nc2 Rc1 47. Nxb4 Re7 48. Nxa6 Ree1 49. Nc7 f5 50. Nd5 Kh6 51. Kg3 Re5 52. Kh2 Kg5 53. Nf4 Re4 54. Nd3 Rc3 55. Nb4 f4 56. Nd5 Rc1 57. h4+ Kxh4 58. Nxf4 g5 59. Nd5 Ree1 60. g3+ Kh5 61. Nf6+ Kg6 62. Ng4 Rh1+ 63. Kg2 Rh8 64. Ne5+ 1-0

[Event "DEN-ch Kort2 B"]
[Site "Skorping"]
[Date "2017.04.14"]
[Round "3"]
[White "Horslund, Mikael"]
[Black "Jorgensen, Orla Eilegaard"]
[Result "1-0"]
[WhiteElo "1674"]
[BlackElo "1731"]
[PlyCount "65"]
[EventDate "2017.04.13"]
[EventType "swiss"]
[EventRounds "5"]
[EventCountry "DEN"]
[SourceTitle "EXT 2023"]
[Source "ChessBase"]
[SourceDate "2022.10.05"]
[SourceVersion "1"]
[SourceVersionDate "2022.10.05"]
[SourceQuality "1"]

1. d4 Nf6 2. Nf3 g6 3. g3 Bg7 4. Bg2 0-0 5. 0-0 d5 6. c4 c6 7. cxd5 cxd5 8. Nc3 Nc6 9. Ne5 Bf5 10. Nxc6 bxc6 11. b3 Qd7 12. Re1 Bh3 13. Bh1 Rfe8 14. f4 Bg4 15. Qd3 h5 16. h4 a5 17. Bb2 Qc7 18. Rac1 Qd6 19. e4 dxe4 20. Nxe4 Nxe4 21. Bxe4 Rac8 22. Rc5 f5 23. Qc4+ Kh7 24. Bg2 Red8 25. Qf7 Qf6 26. Rxe7 Kh6 27. Qxf6 Bxf6 28. Rf7 Bh8 29. Rxa5 Be2 30. Raa7 g5 31. hxg5+ Kg6 32. Rh7 Rxd4 33. Rh6# 1-0